| 000 | 00353nam a22001217a 4500 | ||
|---|---|---|---|
| 082 |
_a346.540436 _bJUM |
||
| 100 | _aJumani Abdullah | ||
| 245 |
_aThe Transfer of Property Act,1882/ _cAbdullah Jumani |
||
| 260 |
_aLahore, _bHashmi Publications; _c2022. |
||
| 300 |
_a608,p. _c24,cm. |
||
| 650 |
_aProperty, Transfer Act _9128066 |
||
| 942 |
_2ddc _cBK |
||
| 999 |
_c613098 _d613098 |
||